| 000 | 01069nam a2200229Ia 4500 | ||
|---|---|---|---|
| 001 | 17033 | ||
| 005 | 20260327120854.0 | ||
| 008 | 260306t2017||||xx |||||||||||||| ||und|| | ||
| 041 | _aESP | ||
| 082 |
_a657.42 _bS57 |
||
| 100 |
_aSinisterra Valencia, Gonzalo _eAUT |
||
| 245 | 0 |
_aContabilidad de costos: _bcon aproximación a las normas internacionales |
|
| 260 | _c2017 | ||
| 300 |
_a552 páginas : _c24 cm. |
||
| 650 | _aGEN | ||
| 654 | _aCCO | ||
| 856 |
_uhttps://itmsp.museknowledge.com/UCSP?url=https://www.ebooks7-24.com:443/?il=8873&pg=1 _zVéase además: Costeo de operaciones internacionales, por Rosa Jannet Restrepo Restrepo. Versión digital |
||
| 856 |
_uhttps://0u213ucoq-y-https-ebooks7--24-com.itmsp.museknowledge.com/biblioteca.aspx _zVéase además: Base de datos Ebook7-24 |
||
| 856 |
_uhttps://legal.legis.com.pe/home/Corporativo _zVéase además: Base de datos Multilegis |
||
| 856 |
_uhttps://0u20fucrd-y-https-research-ebsco-com.itmsp.museknowledge.com/c/qxo6us/search _zVéase además: Base de datos EBSCOhost |
||
| 942 |
_cLIB _dJUS _fJUS _2ddc |
||
| 999 |
_c17033 _d17033 |
||